000 00592nam a2200205 4500
003 OSt
005 20240715014656.0
006 a
008 240715b |||||||| |||| 00| 0 eng d
020 _a9715145450
040 _aDWCL-Main lib.
_cOC
082 _aFil. 265 C119n 2004
100 _aCacho, Rebecca G.
245 _aNew life in the spirit through the sacraments /
260 _aQuezon City :
_bFNB Educational, Inc.,
_cc2004.
300 _avi,
_b239 p. : ill. ;
_c25 cm.
490 _3Christian Life education Series
650 _a1. Sacraments.
942 _2ddc
_n0
_cBK - FIL
_kFil.
999 _c2149
_d2149